| 000 | 00510nam a2200181 a 4500 | ||
|---|---|---|---|
| 005 | 20220526063406.0 | ||
| 008 | 991125s1992 mx 000 0 spa u | ||
| 020 | _a9700303691 | ||
| 035 | _aUPN01000004331 | ||
| 049 | _aI | ||
| 050 | 4 |
_aPZ78 _bP4.3 |
|
| 100 | 1 |
_aPerrault, Charles, _d1628-1703 _929829 |
|
| 245 | 1 | 0 |
_aArcoiris de cuentos clásicos / _cCharles Perrault. |
| 260 |
_aMéxico : _bFernández, _c1992. |
||
| 300 |
_a136 p. : _bil. |
||
| 650 | 0 |
_aCuentos infantiles franceses _98588 |
|
| 905 | _aInfantil | ||
| 999 |
_c4331 _d4331 |
||